Deutsche Bundesländer - Auswahl - Statistiken

Allgemein
  • Dieses Quiz wurde 105 mal gespielt
  • Das Durchschnittsergebnis liegt bei 37 aus 45
Antwortstatistiken
Frage Kachel Select % Korrekt
Hauptstädte von deutschen Bundesländern. Lübeck Nein
94%
Hauptstädte von deutschen Bundesländern. Trier Nein
94%
Bundesländer, mit weniger als 2 Millionen Einwohnern. (Statistisches Bundesamt, Stand 2023) Berlin Nein
92%
Bundesländer, durch die der Rhein fließt oder die an den Rhein grenzen. Bremen Nein
92%
Hauptstädte von deutschen Bundesländern. Köln Nein
92%
Bundesländer, durch die der Rhein fließt oder die an den Rhein grenzen. Rheinland-Pfalz Ja
91%
Bundesländer, durch die der Rhein fließt oder die an den Rhein grenzen. Nordrhein-Westfalen Ja
90%
Bundesländer, mit weniger als 2 Millionen Einwohnern. (Statistisches Bundesamt, Stand 2023) Bremen Ja
89%
Hauptstädte von deutschen Bundesländern. Frankfurt am Main Nein
89%
Hauptstädte von deutschen Bundesländern. Kiel Ja
89%
Bundesländer, die keine Grenze zu einem anderen Staat haben. Mecklenburg-Vorpommern Nein
89%
Bundesländer, durch die der Rhein fließt oder die an den Rhein grenzen. Thüringen Nein
89%
Bundesländer, die keine Grenze zu einem anderen Staat haben. Berlin Ja
88%
Bundesländer, die keine Grenze zu einem anderen Staat haben. Bremen Ja
88%
Bundesländer, die keine Grenze zu einem anderen Staat haben. Hamburg Ja
88%
Hauptstädte von deutschen Bundesländern. Mainz Ja
88%
Bundesländer, die aktuell keinen Verein in der 1. Fußballbundesliga der Herren haben (Saison 25/26). Rheinland-Pfalz Nein
88%
Bundesländer, mit weniger als 2 Millionen Einwohnern. (Statistisches Bundesamt, Stand 2023) Saarland Ja
88%
Bundesländer, die aktuell keinen Verein in der 1. Fußballbundesliga der Herren haben (Saison 25/26). Sachsen Nein
88%
Bundesländer, die aktuell keinen Verein in der 1. Fußballbundesliga der Herren haben (Saison 25/26). Saarland Ja
87%
Bundesländer, die keine Grenze zu einem anderen Staat haben. Sachsen Nein
87%
Bundesländer, die aktuell keinen Verein in der 1. Fußballbundesliga der Herren haben (Saison 25/26). Brandenburg Ja
86%
Hauptstädte von deutschen Bundesländern. Magdeburg Ja
86%
Bundesländer, durch die der Rhein fließt oder die an den Rhein grenzen. Baden-Württemberg Ja
85%
Bundesländer, die keine Grenze zu einem anderen Staat haben. Hessen Ja
84%
Hauptstädte von deutschen Bundesländern. Leipzig Nein
84%
Hauptstädte von deutschen Bundesländern. Rostock Nein
84%
Bundesländer, die aktuell keinen Verein in der 1. Fußballbundesliga der Herren haben (Saison 25/26). Mecklenburg-Vorpommern Ja
83%
Bundesländer, die keine Grenze zu einem anderen Staat haben. Niedersachsen Nein
83%
Bundesländer, die aktuell keinen Verein in der 1. Fußballbundesliga der Herren haben (Saison 25/26). Niedersachsen Nein
82%
Bundesländer, durch die der Rhein fließt oder die an den Rhein grenzen. Saarland Nein
81%
Bundesländer, die aktuell keinen Verein in der 1. Fußballbundesliga der Herren haben (Saison 25/26). Schleswig-Holstein Ja
81%
Bundesländer, die aktuell keinen Verein in der 1. Fußballbundesliga der Herren haben (Saison 25/26). Thüringen Ja
81%
Bundesländer, durch die der Rhein fließt oder die an den Rhein grenzen. Bayern Nein
77%
Bundesländer, mit weniger als 2 Millionen Einwohnern. (Statistisches Bundesamt, Stand 2023) Sachsen-Anhalt Nein
77%
Bundesländer, die aktuell keinen Verein in der 1. Fußballbundesliga der Herren haben (Saison 25/26). Sachsen-Anhalt Ja
76%
Bundesländer, die keine Grenze zu einem anderen Staat haben. Sachsen-Anhalt Ja
76%
Bundesländer, mit weniger als 2 Millionen Einwohnern. (Statistisches Bundesamt, Stand 2023) Thüringen Nein
75%
Bundesländer, durch die der Rhein fließt oder die an den Rhein grenzen. Niedersachsen Nein
71%
Bundesländer, mit weniger als 2 Millionen Einwohnern. (Statistisches Bundesamt, Stand 2023) Schleswig-Holstein Nein
71%
Bundesländer, die keine Grenze zu einem anderen Staat haben. Thüringen Ja
71%
Bundesländer, mit weniger als 2 Millionen Einwohnern. (Statistisches Bundesamt, Stand 2023) Brandenburg Nein
66%
Bundesländer, mit weniger als 2 Millionen Einwohnern. (Statistisches Bundesamt, Stand 2023) Hamburg Ja
58%
Bundesländer, durch die der Rhein fließt oder die an den Rhein grenzen. Hessen Ja
58%
Bundesländer, mit weniger als 2 Millionen Einwohnern. (Statistisches Bundesamt, Stand 2023) Mecklenburg-Vorpommern Ja
44%
Keine übereinstimmenden Quizze gefunden
Verteilung der Resultate
Anzahl Personen mit jedem Resultat
Perzentil nach korrekt beantworteten Fragen
Ihre Resultats-Entwicklung
Sie haben dieses Quiz noch nicht gespielt